Winning The Mandate (The Indian Experience) (Record no. 11964)

MARC details
000 -LEADER
fixed length control field 00315nam a22001217a 4500
008 - FIXED-LENGTH DATA ELEMENTS--GENERAL INFORMATION
fixed length control field 220208b ||||| |||| 00| 0 eng d
020 ## - INTERNATIONAL STANDARD BOOK NUMBER
International Standard Book Number 9789351507444
050 ## - LIBRARY OF CONGRESS CALL NUMBER
Classification number 324
Item number 1
100 ## - MAIN ENTRY--PERSONAL NAME
Personal name Chakrabarty Bidyut..etal
9 (RLIN) 7535
245 ## - TITLE STATEMENT
Title Winning The Mandate (The Indian Experience)
300 ## - PHYSICAL DESCRIPTION
Extent 215.P
942 ## - ADDED ENTRY ELEMENTS (KOHA)
Source of classification or shelving scheme Dewey Decimal Classification
Koha item type BOOK
Holdings
Withdrawn status Lost status Source of classification or shelving scheme Damaged status Not for loan Home library Current library Shelving location Date acquired Total Checkouts Full call number Barcode Date last seen Price effective from Koha item type
    Dewey Decimal Classification     Good Samaritan School Library Good Samaritan School Library POLITICAL SCIENCE 02/08/2022   324 CHA17225 02/08/2022 02/08/2022 BOOK

Powered by Koha